000 00803nam a2200205Ii 4500
003 JO-AjNU
008 230605s9999||||xx |||||||||||||| ||und||
040 _aJO-AjNU
_bara
_erda
_cJO-AjNU
041 _aara
050 1 4 _aHD62.15.N34 2018
100 3 _aنجم، عبود نجم,
_eauthor
_958089
245 0 0 _aإدارة الجودة الشاملة في عصر الإنترنت = TQM IN THE INTERNET AGE
250 _aط1
264 3 1 _aعمان: دار صفاء للطباعة والنشر والتوزيع، 2018
300 _a660ص
_bجداول و أشكال توضيحية
336 _atext
_btxt
_2rdacontent
337 _aunmediated
_bn
_2rdamedia
338 _avolume
_bnc
_2rdacarrier
650 4 _aجودة الإنتاج - إدارة الجودة الشاملة - ضبط الجودة
_958090
999 _aA26068
_c29636
_d29636